000 01940nam0a2200361 4500
001 RU\NLR\BIBL_A\022355195
005 20260420015950.0
010 _a978-5-98806-340-7
_9300
021 _aRU
_bКН-П-24-052357
_9КН-П-24-5213
035 _a(NLR Aleph) 022355195
090 _a13667629
_c13667629
100 _a20241017d2024 u y0rusy50 ca
101 0 _arus
102 _aRU
105 _aach z 000yd
181 0 _ai
_bxxxe
182 0 _an
200 1 _aЖил-был один дом, город Тара, улица Нерпинская, 48
_e[о доме тарского купца И. Ф. Нерпина]
_fС. А. Алферов, В. Н. Носкова
_gТарская централизованная библиотечная система имени Л. Н. Чашечникова, Историко-краеведческий центр "Тарский уезд"
203 _aТекст
_bвизуальный
_cнепосредственный
210 _aОмск
_cНаука
_d2024
215 _a237, [1] с., [12] л. ил., портр., факс.
_d21
320 _aБиблиогр.: с. 219–237, в ссылках в конце разд. и в подстроч. примеч.
320 _aДругая кн. 2-го авт., Носковой В. Н., в тексте на с. 3
333 _a12+
607 _aДом И. Ф. Нерпина (Тара, город; Омская область)
_2nlr_sh2
_3RU\NLR\AUTH\6601748215
686 1 _aЩ113(2Р=Рус)92Тара7Дом И. Ф. Нерпина
700 1 _aАлферов
_bС. А.
_gСергей Александрович
701 1 _aНоскова
_bВ. Н.
_gВера Николаевна
702 1 _aНерпин
_bИ. Ф.
_f1759-1813
_gИван Фёдорович
_4570
942 _cBOOK
980 _aNB